000 00884 a2200229 4500
003 Nust
005 20170207154023.0
010 _a 2001054641
020 _a0735612366 (pbk.)
040 _cNust
082 0 0 _a005.758
100 1 _aRiordan, Rebecca.
245 1 0 _aMicrosoft ADO.NET step by step (E-BOOK)
_c[Rebecca M. Riordan].
260 _aRedmond, Wash. :
_bMicrosoft Press,
_cc2002.
300 _axii, 512 p. :
_bill. ;
_c24 cm. +
_e1 CD-ROM (4 3/4 in.)
500 _aIncludes index.
505 _aPart I - Getting Started with ADO.NET Part II - Data Providers Part III - Manipulating Data Part IV - Using the ADO.NET Objects Part V - ADO.NET and XML
538 _aSystem requirements for accompnaying computer disc: Microsoft Windows 2000 or Microsoft Windows XP.
650 0 _aDatabase design.
650 0 _aObject oriented programming (Computer science)
651 _aE-BOOK
942 _2ddc
_cBK
999 _c191764
_d191764